| 000 | 00746nam a22002057a 4500 | ||
|---|---|---|---|
| 999 |
_c6309 _d6309 |
||
| 003 | AR-CdUCM | ||
| 008 | 190314b ||||| |||| 00| 0 spa d | ||
| 040 |
_aMUNICIPALIDAD PROVINCIAL DEL CUSCO _cBIBLIOTECA MUNICIPAL DEL CUSCO |
||
| 082 |
_a030 / _bD73 |
||
| 110 |
_aEDAF _918080 |
||
| 245 | _aDiccionario enciclopƩdico EDAF / | ||
| 260 |
_aMadrid : _bLiborio Estrada, _c1971. |
||
| 300 |
_a9 tomos ; _bilustraciones ; _c23 cm. |
||
| 500 | _aTomo 4 tapa y lomo daƱado. | ||
| 505 | _aContenido : t.1: a-baj -- t.2: baj-col -- t.3: col-emb -- t.4: emb-gos -- t.5: got-lam -- t.6: lam-nat -- t.7: nat-pre -- t.8: pre-ska -- t.9: ska-zyg | ||
| 650 |
_aDiccionario _95196 |
||
| 650 |
_aEnciclopedia _918075 |
||
| 942 |
_2ddc _cLIBROS |
||
| 945 | _azta | ||